000 00499nam a2200181Ia 4500
008 180921t1994 xxu||||| |||| 00| 0 sin d
041 _asin
080 _a599.61
_bKAH
100 _aKahadagamage, Piyasena
245 _aපනාමුරේ ඇත්රාජා
246 _aPanaamure aeth raajaa
260 _bAriya
_aWArakapola
_c1994
300 _a196p., ill., 20 cm
650 _aElephant
_aAnimal
_aZoology
942 _cBK
999 _c17606
_d17606
003 LK-CoDNM
040 _aLK-CoDNM
_dLK-CoDNM
_eLK-CoDNM